Statistics for Biggest Import Partners By Country

Click here to take the quiz!

General Stats

  • This quiz has been taken 24,070 times
    (13,415 since last reset)
  • The average score is 27 of 32

Answer Stats

Countries Biggest Import Partner % Correct
30 countriesUnited States
100%
IrelandUnited Kingdom
99%
60 countriesChina
99%
Belarus, Ukraine, 7 othersRussia
99%
C.A.R., Comoros, Djibouti, Gabon, MonacoFrance
98%
24 countriesGermany
98%
Albania, Malta, San Marino, Tunisia, Vatican CityItaly
97%
Andorra, Equitorial Guinea, Morocco, PortugalSpain
97%
Benin, Bhutan, Burundi, Mauritius, Nepal, Sri LankaIndia
97%
Papua New Guinea, Nauru, 5 othersAustralia
96%
Argentina, UruguayBrazil
96%
Botswana, Zimbabwe, 7 othersSouth Africa
94%
Bahrain, JordanSaudi Arabia
93%
NorwaySweden
93%
BelgiumNetherlands
92%
East TimorIndonesia
90%
CyprusGreece
89%
Samoa, TongaNew Zealand
88%
IcelandNorway
88%
Georgia, Libya, Syria, TurkmenistanTurkey
88%
AfghanistanIran
87%
ChinaSouth Korea
84%
LuxembourgBelgium
81%
LaosThailand
80%
Oman, Yemen, 5 othersUnited Arab
Emirates
76%
Guinea-Bissau, São Tomé & PrincipePortugal
76%
MoldovaRomania
75%
MontenegroSerbia
75%
LatviaLithuania
74%
MaliSenegal
56%
Fiji, Marshall IslandsSingapore
44%
Gambia, LiberiaIvory Coast
42%

Score Distribution

Percentile by Number Answered

Percent of People with Each Score

Your Score History

You have not taken this quiz since the last reset